000 00911nam a2200253Ia 4500
003 OSt
005 20220923215718.0
006 a|||||r|||| 00| 0
007 ta
008 220922b |||||||| |||| 00| 0 hin d
024 _a181,107
037 _cTextual
040 _aARTS
_cARTS
_bhin
041 _2hin
_ahin
082 _aO152v273, M7
100 _aजमुआर, सुरेन्द्र प्रसाद
245 0 _aबिहार के दिवंगत हिन्दी साहित्यकार
246 _aBihār ke divangat hindī sāhityakāra
260 _aपटना
_b पारिजात प्रकाशन
_c1987
300 _a535 पृ.
_ccm.
650 _aहिन्दी साहित्य
_9156264
942 _hO152v273, M7
_cTEXL
_2CC
999 _c334485
_d334485